LEADER 01098nam a2200265 a 4500 001 000000133395 003 CaOOAMICUS 005 20130408103732.0 008 130408s2012 vc u000 u spa r 040 $aPUL$bita 082 04$a261.1 245 03$aEl Consejo pontificio para los laicos. 250 $a2. ed. 260 $aCittą del Vaticano :$bConsejo pontificio para los laicos,$c2012$aCiudad del Vaticano :$b[s.n.] 300 $a90 p. ;$c23 cm 504 $aBibliografia in nota. 610 24$aPontificium Consilium pro Laicis.$0(OLS)http://pul/subject/20384 850 $aPUL 852 $aPUL$W1$xDP2 Religione 3$y114$m261. 1 PCL 1.1$j153307$qDDC 21$B152866$CPULBib$Z2$F152866 $H122077 $82 941 1 $a9 996 $6082$a261.1$9(OLS)http://pul/classification/2061 996 $6245$aEl Consejo pontificio para los laicos$9(OLS)http://pul/title/168570 996 $6260$aCittą del Vaticano :$bConsejo pontificio para los laicos$9(OLS)http://pul/publisher/63275 996 $6260$aCiudad del Vaticano :$b[s.n.]$9(OLS)http://pul/publisher/81370 LEADER 01832nam a2200433 a 4500 001 000000173307 003 CaOOAMICUS 005 20200222114641.0 008 200222s2019 it df u000 u ita r 020 $z978-88-13-37438-9* 032 $aLibriCat 040 $aPUL$bita 082 04$a338.9 245 00$aSostenibilitą: $bsfida o presupposto? / $ca cura di Diego Augusto Benģtez, Claudia Fava. 260 $aPadova :$bCEDAM,$c2019$aMilanofiori Assago :$bWolters Kluwer,$c©2019. 300 $aXIV, 360 p. :$bgraf., tav.;$a24 cm 490 1 $aTesta di Gorgone ;$v14 500 $aInclude indice. 504 $aBibliografia in nota. 650 4$aEconomia sociale.$0(OLS)http://pul/subject/10942 650 4$aEtica e economia.$0(OLS)http://pul/subject/11804 650 4$aSviluppo sostenibile.$0(OLS)http://pul/subject/43144 700 1 $aBenģtez, Diego Augusto.$0(OLS)http://pul/name/111326 700 1 $aFava, Claudia.$0(OLS)http://pul/name/111327 830 0$aTesta di Gorgone ;$v14.$0(OLS)http://pul/title/164661 850 $aPUL 852 $aPUL$W1$xSL Diritto e Scienze Sociali 3$y79$m338. 9 BENDI 1$j197288$qDDC 21$B202073$CPULBib$Z2$F202073 $H134018 $82 941 1 $a9 960 $aEconomia e morale$911804 960 $aEconomia e morale$911804 960 $aEtica economica$911804 960 $aEtica degli affari$911804 960 $aFinanza etica$911804 996 $6020$z978-88-13-37438-9*$9(OLS)http://pul/number/167301 996 $6082$a338.9$9(OLS)http://pul/classification/697 996 $6245$aSostenibilitą: $bsfida o presupposto? / $9(OLS)http://pul/title/214443 996 $6260$aPadova :$bCEDAM$9(OLS)http://pul/publisher/48126 996 $6260$aMilanofiori Assago :$bWolters Kluwer$9(OLS)http://pul/publisher/81463